Library Logo

Pioneer International University Library Catalogue

A history of world societies (Record no. 5452)

MARC details
000 -LEADER
fixed length control field 00282nam a22000977a 4500
005 - DATE AND TIME OF LATEST TRANSACTION
control field 20250901165532.0
008 - FIXED-LENGTH DATA ELEMENTS--GENERAL INFORMATION
fixed length control field 210603b |||||||| |||| 00| 0 eng d
050 ## - LIBRARY OF CONGRESS CALL NUMBER
Classification number CB69 .M35 2000
245 ## - TITLE STATEMENT
Title A history of world societies
Statement of responsibility, etc. MCKAY, JOHN P.
942 ## - ADDED ENTRY ELEMENTS (KOHA)
Source of classification or shelving scheme Library of Congress Classification
Classification part CB69 .M35 2000
Holdings
Withdrawn status Lost status Source of classification or shelving scheme Damaged status Not for loan Home library Current library Shelving location Date acquired Total checkouts Full call number Barcode Date last seen Price effective from Koha item type
    Library of Congress Classification     Main Library Main Library   06/03/2021   CB69 .M35 2000 PIU0003182B 06/03/2021 06/03/2021 Books